000 00358nam a2200133 i 4500
001 bg
100 1 _aKOFSTAD, PER
245 0 _aOtklonenie ot stechiometrii, diffuzija i elektroprovodnost v prostych okislach metallov /
_cPer Kofstad.
260 _aMoskva,
_c1975.
040 _cBPK
041 _apol
942 _cKS
008 s pl f |000 0 pol
999 _c539
_d539
856 _uhttp://koha.tu.koszalin.pl/cgi-bin/koha/opac-detail.pl?biblionumber=539
_yKatalog online BPK